Die Spur der Macht im Verhältnis der Geschlechter: über den Ursprung der Ungleichheit zwischen Frau und Mann

Gespeichert in:  
Bibliographische Detailangaben
1. VerfasserIn: Dux, Günter 1933- (Verfasst von)
Medienart: Druck Buch
Sprache:Deutsch
Veröffentlicht: Frankfurt am Main Suhrkamp 1992
In:Jahr: 1992
Ausgabe:1. Aufl.
Online-Zugang: Inhaltsverzeichnis
Inhaltsverzeichnis
Bestand in Tübingen:In Tübingen vorhanden.
UB: 32 A 21315
Verfügbarkeit prüfen: HBZ Gateway
Subito Bestelldienst: Jetzt bestellen.
Schlagwörter:

MARC

LEADER 00000cam a2200000 c 4500
001 119229854
003 DE-627
005 20260206201333.0
007 tu
008 921229s1992 gw ||||| 00| ||ger c
015 |a 92,N39,0127  |2 dnb 
015 |a 93,A04,1985  |2 dnb 
016 7 |a 920999239  |2 DE-101 
020 |a 3518581236  |c  : DM 68.00 (Pp.)  |9 3-518-58123-6 
035 |a (DE-627)119229854 
035 |a (DE-603)021768692 
035 |a (DE-576)029099714 
035 |a (DE-599)DNB920999239 
035 |a (OCoLC)243727643 
035 |a (OCoLC)28829390 
035 |a (AT-OBV)AC00518304 
035 |a (DE-604)8055808115 
035 |a (DE-H357)his864 
040 |a DE-627  |b ger  |c DE-627  |e rakwb 
041 |a ger 
044 |c XA-DE-HE 
082 0 |a 305.42  |q OCLC 
084 |a 64  |2 sdnb 
084 |a 14  |2 sdnb 
084 |a 1  |2 ssgn 
084 |a MS 2900  |2 rvk  |0 (DE-625)rvk/123650: 
084 |a MS 2850  |2 rvk  |0 (DE-625)rvk/123647: 
084 |a CR 6000  |2 rvk  |0 (DE-625)rvk/19034: 
084 |a 71.31  |2 bkl 
084 |a 73.43  |2 bkl 
084 |a 15.21  |2 bkl 
084 |a 73.44  |2 bkl 
100 1 |a Dux, Günter  |d 1933-  |e Verf.  |0 (DE-588)119383209  |0 (DE-627)080195318  |0 (DE-576)160809452  |4 aut 
109 |a Dux, Günter 1933-  |a Dux, G. 1933-  |a Dux, Günther 1933- 
245 1 4 |a Die Spur der Macht im Verhältnis der Geschlechter  |b über den Ursprung der Ungleichheit zwischen Frau und Mann  |c Günter Dux 
250 |a 1. Aufl. 
264 1 |a Frankfurt am Main  |b Suhrkamp  |c 1992 
300 |a 481 S.  |b Ill., graph. Darst.  |c 21 cm 
336 |a Text  |b txt  |2 rdacontent 
337 |a ohne Hilfsmittel zu benutzen  |b n  |2 rdamedia 
338 |a Band  |b nc  |2 rdacarrier 
361 1 |5 DE-32  |y 728340623  |s CR 6000 D987 S7  |o Vorbesitz  |a Literarische Bibliothek Siegfried Unseld  |0 (DE-588)1082323314  |0 (DE-627)847321843  |0 (DE-576)455352682  |f Stempel 
500 |a Literaturverz. S. 440 - 466 
505 8 |a Literaturverz. S. 440 - 466 
583 1 |a Archivierung/Langzeitarchivierung gewährleistet  |f SSG  |x XA-DE-BW  |2 pdager  |5 DE-21 
648 7 |a Geschichte  |2 gnd 
648 4 |a Geschichte 
650 0 |a Sex relations 
689 0 0 |d s  |0 (DE-588)4286394-6  |0 (DE-627)104301384  |0 (DE-576)210808187  |a Traditionale Gesellschaft  |2 gnd 
689 0 1 |d s  |0 (DE-588)4020548-4  |0 (DE-627)104106883  |0 (DE-576)208933824  |a Geschlechterverhältnis  |2 gnd 
689 0 2 |d s  |0 (DE-588)4036824-5  |0 (DE-627)104637269  |0 (DE-576)209020679  |a Macht  |2 gnd 
689 0 3 |a z  |2 gnd  |a Geschichte 
689 0 |5 DE-101 
856 4 2 |u http://www.gbv.de/dms/hbz/toc/ht004353758.PDF  |m V:DE-605  |v 2008-11-15  |x Verlag  |y Inhaltsverzeichnis  |3 Inhaltsverzeichnis  |7 1 
856 4 2 |u http://scans.hebis.de/HEBCGI/show.pl?02176869_toc.pdf  |m V:DE-605  |q application/pdf  |3 Inhaltsverzeichnis  |7 1 
935 |a mteo  |a mkri 
935 |i Blocktest 
935 |h HEB  |i 0501 
935 |h HEB  |i 0503 
936 r v |a MS 2900  |b Verhältnis der Geschlechter, Allgemeines und Verschiedenes  |k Soziologie  |k Spezielle Soziologien  |k Soziologische Geschlechterforschung (Gender Studies)  |k Verhältnis der Geschlechter, Allgemeines und Verschiedenes  |0 (DE-627)1270706764  |0 (DE-625)rvk/123650:  |0 (DE-576)200706764 
936 r v |a MS 2850  |b Geschlechterrolle und Sexualverhalten  |k Soziologie  |k Spezielle Soziologien  |k Soziologische Geschlechterforschung (Gender Studies)  |k Geschlechterrolle und Sexualverhalten  |0 (DE-627)1271156059  |0 (DE-625)rvk/123647:  |0 (DE-576)201156059 
936 r v |a CR 6000  |b Sexualität, geschlechtsspezifische Differenzen  |k Psychologie  |k Differentielle Psychologie (Persönlichkeitspsychologie)  |k Sexualität, geschlechtsspezifische Differenzen  |0 (DE-627)1271443783  |0 (DE-625)rvk/19034:  |0 (DE-576)201443783 
936 b k |a 71.31  |j Geschlechter und ihr Verhalten  |0 (DE-627)106412655 
936 b k |a 73.43  |j Familie  |j Verwandtschaft  |j Ehe  |x Ethnologie  |0 (DE-627)106411187 
936 b k |a 15.21  |j Geschichte großer Gebietsräume  |0 (DE-627)106404644 
936 b k |a 73.44  |j Sexualität  |j Geschlecht  |x Ethnologie  |0 (DE-627)106411195 
936 s n |a c200  |2 mzub 
936 s n |a m200  |2 mzub 
938 1 0 |0 (DE-627)1756194823  |0 (DE-615)6603195  |a Macht  |2 fivt 
951 |a BO 
ELC |b 1 
LOK |0 000 xxxxxcx a22 zn 4500 
LOK |0 001 312811885X 
LOK |0 003 DE-627 
LOK |0 004 119229854 
LOK |0 005 20020413000000 
LOK |0 008 921214||||||||||||||||ger||||||| 
LOK |0 040   |a DE-21  |c DE-627  |d DE-21 
LOK |0 852   |a DE-21 
LOK |0 852 1  |c 32 A 21315  |9 00 
LOK |0 939   |a 14-12-92  |b l01 
LOK |0 000 xxxxxcx a22 zn 4500 
LOK |0 001 3128118965 
LOK |0 003 DE-627 
LOK |0 004 119229854 
LOK |0 005 20100408151253 
LOK |0 008 930902||||||||||||||||ger||||||| 
LOK |0 040   |a DE-21-35  |c DE-627  |d DE-21-35 
LOK |0 541   |e 93/532 
LOK |0 852   |a DE-21-35 
LOK |0 852 1  |c Mg 7.3  |m p  |9 00 
LOK |0 938   |k p 
LOK |0 939   |a 02-09-93  |b l01 
LOK |0 000 xxxxxcx a22 zn 4500 
LOK |0 001 3128118973 
LOK |0 003 DE-627 
LOK |0 004 119229854 
LOK |0 005 20020411000000 
LOK |0 008 940325||||||||||||||||ger||||||| 
LOK |0 040   |a DE-21-108  |c DE-627  |d DE-21-108 
LOK |0 092   |o l 
LOK |0 541   |e 1496/93 
LOK |0 852   |a DE-21-108 
LOK |0 852 1  |c Allg U 72/Dux 2  |m p  |9 00 
LOK |0 938   |k p 
LOK |0 939   |a 25-03-94  |b l01 
LOK |0 000 xxxxxcx a22 zn 4500 
LOK |0 001 3128119007 
LOK |0 003 DE-627 
LOK |0 004 119229854 
LOK |0 005 20120921093047 
LOK |0 008 931221||||||||||||||||ger||||||| 
LOK |0 040   |a DE-21-24  |c DE-627  |d DE-21-24 
LOK |0 541   |e 93/2183 
LOK |0 689   |a s  |a Geschlechterverhältnis (u. Macht: Geschichte) 
LOK |0 689   |a s  |a Macht (u. Geschlechterverhältnis: Geschichte) 
LOK |0 852   |a DE-21-24 
LOK |0 852 1  |c D,VIb,28  |m p  |9 00 
LOK |0 936ln  |a D,VIb, 
LOK |0 938   |k p 
LOK |0 939   |a 21-12-93  |b l01 
LOK |0 000 xxxxxcx a22 zn 4500 
LOK |0 001 3128119023 
LOK |0 003 DE-627 
LOK |0 004 119229854 
LOK |0 005 20240318162414 
LOK |0 008 050323||||||||||||||||ger||||||| 
LOK |0 040   |a DE-21-85  |c DE-627  |d DE-21-85 
LOK |0 541   |e 92-557 
LOK |0 689   |a s  |0 1311086366  |a Geschlechterbeziehungen 
LOK |0 852   |p 615033932911 
LOK |0 852   |a DE-21-85 
LOK |0 852 1  |c 2.250.1992  |m p  |9 00 
LOK |0 935   |a k085  |a isda 
LOK |0 938   |k p 
LOK |0 939   |a 23-03-05  |b l01 
LOK |0 000 xxxxxcx a22 zn 4500 
LOK |0 001 3128119031 
LOK |0 003 DE-627 
LOK |0 004 119229854 
LOK |0 005 20100407080928 
LOK |0 008 050309||||||||||||||||ger||||||| 
LOK |0 040   |a DE-21-52  |c DE-627  |d DE-21-52 
LOK |0 541   |e 92/1004 
LOK |0 689   |a s  |0 1310851867  |a Frauen 
LOK |0 689   |a s  |0 1310857946  |a Männer 
LOK |0 689   |a s  |0 131086215X  |a Geschlechterverhältnis 
LOK |0 852   |a DE-21-52 
LOK |0 852 1  |c An 699-552  |m p  |9 00 
LOK |0 935   |a k052 
LOK |0 938   |k p 
LOK |0 939   |a 09-03-05  |b l01 
LOK |0 000 xxxxxcx a22 zn 4500 
LOK |0 001 3128120781 
LOK |0 003 DE-627 
LOK |0 004 119229854 
LOK |0 005 19930107000000 
LOK |0 008 930107||||||||||||||||ger||||||| 
LOK |0 040   |a DE-Frei85  |c DE-627  |d DE-Frei85 
LOK |0 852   |a DE-Frei85 
LOK |0 852 1  |m p  |9 00 
LOK |0 938   |k p 
LOK |0 939   |a 07-01-93  |b l01 
ORI |a SA-MARC-krimdoka001.raw 
SIG |a UB: 32 A 21315